Die Vorkämpfer der nationalen Bewegung bei den kleinen völkern Europas : eine vergleichende Analyse zur gesellschaftlichen Schichtung der patriotischen Gruppen

Podrobná bibliografia
Hlavný autor: Hroch, Miroslav, 1932- (Autor)
Ďalší autori: Hubala, A. (Prekladateľ)
Médium: Kniha
Jazyk:nemčina
čeština
Fyzický popis:171 s. bg.+tab.
Vydavateľské údaje: Praha Universita Karlova 1968
Vydanie:1. vyd..
Edícia:Acta Universitatis Carolinae, Philosophica et historica Monographia 24 - 1968
Predmet:

MARC

LEADER 00000nam a2200000 a 4500
001 vtls008238233
003 SK-MaSNL
005 20260302041100.0
008 050808s1968 xr 000 0 ger
035 |a SVKPOKN049712 
040 |a SNK  |b slo  |c SNK  |e AACR2 
041 0 |a ger  |h cze 
044 |a xr  |c CZ 
080 |a 323.1(4)"18"  |2 1981 
080 |a 940"18"  |2 1981 
100 1 |a Hroch, Miroslav,  |d 1932-  |4 aut  |9 262402 
245 1 4 |a Die Vorkämpfer der nationalen Bewegung bei den kleinen völkern Europas  |b : eine vergleichende Analyse zur gesellschaftlichen Schichtung der patriotischen Gruppen  |c Miroslav Hroch; A. Hubala 
250 |a 1. vyd.. 
260 |a Praha  |b Universita Karlova  |c 1968 
300 |a 171 s.  |b bg.+tab. 
490 0 |a Acta Universitatis Carolinae, Philosophica et historica  |v Monographia 24 - 1968 
648 7 |a 19. storočie  |2 SNK  |9 277854 
650 0 7 |a národnooslobodzovacie hnutia  |2 SNKPH  |9 168058 
650 0 7 |a malé štáty  |2 SNKPH  |9 4690 
650 0 7 |a výskum  |2 SNKPH  |9 4238 
651 7 |a Európa  |2 SNKPHgeo  |9 167569 
655 7 |a odborné publikácie  |2 SNKPH  |9 60423 
700 1 |a Hubala, A.  |4 trl  |9 522279 
999 |c 1077377  |d 1079307 
952 |a SNK  |b SNK  |y VYP  |7 0  |p 17A1317458  |o snkSC 24582 D1  |i snkKIP 2722/69  |8 4  |0 0  |1 0  |4 0  |d 2024-08-09  |l 0  |r 2026-02-24 16:14:56  |w 2026-02-24